000 00449nam a22001697a 4500
999 _c525257
_d525257
003 NUST
038 _awaseem
082 _a297.9923
_bKHA
100 _aKhan, Munsibdar
_915999
245 _aHazrat Bari Imam /
_cMunsibdar Khan
260 _aLahore :
_bMushtaq Book Corner,
_c[s.l].
300 _a147 p. ;
500 _aHardcover.
880 _6100-01\r
_aمنصبدار خان
880 _6245-02\r
_aحضرت بری امام /
942 _2ddc
_cBK